| 000 | 01056nas a2200349 4500 | ||
|---|---|---|---|
| 001 | BR0703056 | ||
| 003 | BR-BrBNA | ||
| 005 | 20231205110840.0 | ||
| 007 | ta | ||
| 008 | 230509b bl.|||p| |||| 00| 00por d | ||
| 040 |
_aBR-BrBNA _bpor _cBiblioteca Nacional de Agricultura |
||
| 041 | _a(Pt) | ||
| 072 | _aF02 | ||
| 100 | 1 | _aPio, R. | |
| 100 | 1 | _aChagas, E.A. | |
| 100 | 1 | _aBarbosa, W. | |
| 100 | 1 | _aSignorini, G. | |
| 100 | 1 | _aAlvarenga, Â.A. | |
| 100 | 1 | _aAbrahão, E. | |
| 100 | 1 | _aCazetta, J.O. | |
| 100 | 1 | _aEntelmann, F.A. | |
| 245 | 1 | _aEmergência e desenvolvimento de plântulas de cultivares de marmeleiro para uso como porta-enxertos | |
| 650 | _aMARMELO | ||
| 650 | _aPROPAGAÇÃO VEGETATIVA | ||
| 650 | _aPORTA ENXERTO | ||
| 650 | _aVARIEDADE | ||
| 650 | _aMELHORAMENTO GENÉTICO VEGETAL | ||
| 650 | _aPROPAGAÇÃO VEGETATIVA | ||
| 773 | 0 |
_tRevista Brasileira de Fruticultura (Brazil) _xISSN 0100-2945 _g(Apr 2007), v. 29(1) p. 133-136 _wBR0703056 |
|
| 909 |
_a202311 _bLúcia _c55 _dLúcia Elande |
||
| 942 |
_2AGRIS _n0 _cANA |
||
| 999 |
_c189408 _d189408 |
||